| 000 | 01189cam a2200337 i 4500 | ||
|---|---|---|---|
| 001 | 14072598 | ||
| 003 | EG-ScBUE | ||
| 005 | 20230806130728.0 | ||
| 008 | 050812t2005 gw a f b 101 0 eng d | ||
| 020 | _a9783540289647 | ||
| 020 | _a354028964X | ||
| 040 |
_aOL$ _beng _erda _cOL$ _dNIC _dDLC _dEG-ScBUE |
||
| 082 | 0 | 4 |
_a910.285 _222 _bSPA |
| 111 | 2 |
_aCOSIT 2005 _d(2005 : _cEllicottville, N.Y.) |
|
| 245 | 0 | 0 |
_aSpatial information theory : _binternational conference, COSIT 2005, Ellicottville, NY, USA, September 14-18, 2005 : proceedings / _ceditors Anthony G. Cohn, David M. Mark. |
| 264 | 1 |
_aBerlin : _bSpringer, _c[2005] |
|
| 264 | 4 | _cc2005 | |
| 300 |
_axii, 490 pages : _billustrations ; _c24 cm. |
||
| 336 |
_2rdacontent _atext _btxt |
||
| 337 |
_2rdamedia _aunmediated _bn |
||
| 338 |
_2rdacarrier _avolume _bnc |
||
| 490 | 0 |
_aLecture notes in computer science ; _v3693 |
|
| 504 | _aIncludes bibliographical references and index. | ||
| 650 | 7 |
_aGeographic information systems _vCongresses. _2BUEsh |
|
| 651 | _2BUEsh | ||
| 653 |
_bCOMSCI _cDecember2016 |
||
| 655 | _vReading book | ||
| 700 | 1 |
_aCohn, A. G., _eeditor. |
|
| 700 | 1 |
_aMark, David M., _eeditor. |
|
| 942 |
_2ddc _cBB |
||
| 999 |
_c23763 _d23735 |
||